000 00688nam a2200229Ia 4500
003 GCL
008 140319s9999 xx 000 0 ara d
040 _aGCL /
_cGCL
082 0 4 _a818
_bس ا
100 1 _aسيد صديق عبدالفتاح
245 1 0 _aاسرار الناجحين فى الحياة /
_cسيد صديق عبدالفتاح
260 _a[S.N] :
_bالدار المصرية اللبنانية ،
_c1994
300 _a206 ص
490 _a
650 0 4 _aالادب العربى
650 0 4 _aالحديث
650 0 4 _aالحاسبات الالكترونية
650 0 4 _aالامثال
650 0 4 _aالفشل
650 0 4 _aالنجاح
942 _2ddc
_cBK
999 _c32284
_d32284